[Event "Dimitrovgrad Petrosian Memorial op"]
[Site "Dimitrovgrad"]
[Date "2010.06.16"]
[Round "5"]
[White "Kuzin, Nikolay"]
[Black "Hafijtullin, Gazimbek"]
[Result "1-0"]
[WhiteElo "2016"]
[BlackElo "1773"]
[PlyCount "105"]
[EventDate "2010.06.12"]
[EventType "swiss"]
[EventRounds "9"]
[EventCountry "RUS"]
[SourceTitle "CBM 137 Extra"]
[Source "ChessBase"]
[SourceDate "2010.09.01"]
[SourceVersion "1"]
[SourceVersionDate "2010.09.01"]
[SourceQuality "1"]

1. e4 g6 2. d4 Bg7 3. g3 c6 4. Bg2 e6 5. Ne2 Ne7 6. 0-0 d5 7. e5 h5 8. h4 b6 9. Bg5 Qc7 10. Nd2 c5 11. c3 Ba6 12. Nf3 Nbc6 13. Qd2 Rc8 14. Rfc1 Qb8 15. Be3 Na5 16. b3 Nf5 17. Bf4 Rc7 18. Bh3 Ne7 19. Ng5 Bc8 20. Be3 Nb7 21. Nf4 Nd8 22. Qe2 Bh6 23. Nf3 a6 24. Ng2 Bg7 25. Nh2 Qb7 26. Bg5 Qc6 27. g4 Bh6 28. Qd2 Bg7 29. gxh5 Rxh5 30. Ng4 Nf5 31. Nf6+ Bxf6 32. Bxf6 Bb7 33. Bg4 Rh7 34. Qg5 Qd7 35. h5 Ne7 36. Nf4 Nf5 37. hxg6 fxg6 38. Bxd8 Qxd8 39. Qxd8+ Kxd8 40. Nxe6+ Kd7 41. Nxc7 Kxc7 42. Bxf5 gxf5 43. Kg2 Kd7 44. Rh1 Rg7+ 45. Kf3 Rg4 46. Rh7+ Kc8 47. Rf7 cxd4 48. Rh1 Kb8 49. Rh8+ Ka7 50. cxd4 Rxd4 51. Rhh7 a5 52. Rxb7+ Ka6 53. a4 1-0

[Event "Dimitrovgrad-ch op"]
[Site "Dimitrovgrad"]
[Date "2010.03.13"]
[Round "7"]
[White "Kuzin, Nikolay"]
[Black "Abramov, Pavel"]
[Result "0-1"]
[WhiteElo "2032"]
[BlackElo "2053"]
[PlyCount "98"]
[EventDate "2010.02.27"]
[EventType "swiss"]
[EventRounds "9"]
[EventCountry "RUS"]
[SourceTitle "EXT 2022"]
[Source "ChessBase"]
[SourceDate "2021.10.06"]
[SourceVersion "1"]
[SourceVersionDate "2021.10.06"]
[SourceQuality "1"]

1. g3 c5 2. Bg2 Nc6 3. Nf3 g6 4. 0-0 Bg7 5. d3 e6 6. e4 Nge7 7. Re1 0-0 8. e5 h6 9. h4 d6 10. exd6 Nf5 11. Nbd2 Nxd6 12. Nb3 c4 13. dxc4 Nxc4 14. c3 e5 15. Nfd2 Nxd2 16. Bxd2 Qc7 17. Be3 Be6 18. Nc5 Bf5 19. g4 Rad8 20. Qc1 Bxg4 21. Bxh6 Qe7 22. Ne4 f6 23. f3 Be6 24. Be3 b6 25. b3 Kf7 26. Qc2 Rh8 27. Bf2 Bh6 28. Rad1 f5 29. Ng3 Bf4 30. Nf1 g5 31. Rxd8 Rxd8 32. h5 Kf6 33. Ne3 Qh7 34. Ng4+ Kf7 35. h6 Qg6 36. Ne3 Ne7 37. h7 Qxh7 38. Ng4 Ng6 39. Ne3 Qh2+ 40. Kf1 Bxe3 41. Bxe3 f4 42. Bg1 Qh8 43. Rd1 Kf6 44. Rxd8 Qxd8 45. c4 Bf5 46. Qb2 Nh4 47. Ke1 Qd3 48. Kf2 Qe3+ 49. Kf1 Bd3+ 0-1

[Event "Dimitrovgrad-ch op"]
[Site "Dimitrovgrad"]
[Date "2010.02.28"]
[Round "2"]
[White "Kuzin, Nikolay"]
[Black "Suhachev, Viktor"]
[Result "0-1"]
[WhiteElo "2032"]
[BlackElo "1943"]
[PlyCount "90"]
[EventDate "2010.02.27"]
[EventType "swiss"]
[EventRounds "9"]
[EventCountry "RUS"]
[SourceTitle "EXT 2022"]
[Source "ChessBase"]
[SourceDate "2021.10.06"]
[SourceVersion "1"]
[SourceVersionDate "2021.10.06"]
[SourceQuality "1"]

1. e4 e5 2. f4 d5 3. exd5 e4 4. d3 Nf6 5. Nc3 Bb4 6. Bd2 e3 7. Bxe3 0-0 8. Bd2 Bxc3 9. bxc3 Re8+ 10. Be2 Bg4 11. Kf1 Bxe2+ 12. Nxe2 Qxd5 13. Nd4 c5 14. Nf3 c4 15. d4 Nbd7 16. Ne5 Nb6 17. a4 Ne4 18. a5 Nc8 19. Be1 f6 20. Ng4 Ncd6 21. h4 Nb5 22. Rh3 Re7 23. Ne3 Qc6 24. Qg4 Rae8 25. Nf5 Rc7 26. h5 Kf8 27. h6 g6 28. Nh4 f5 29. Qd1 Qd6 30. Rf3 Nf6 31. Qb1 a6 32. Bf2 Ng4 33. Bg1 Rce7 34. g3 Re2 35. Qd1 Qd5 36. Qxe2 Rxe2 37. Kxe2 Nxh6 38. Kd2 Ng4 39. Rff1 Nf6 40. Rf3 Ne4+ 41. Kc1 Nbxc3 42. Be3 Ne2+ 43. Kb2 c3+ 44. Kb1 Qb5+ 45. Ka2 Qb2# 0-1

[Event "Dimitrovgrad Petrosian Memorial op"]
[Site "Dimitrovgrad"]
[Date "2009.06.26"]
[Round "8"]
[White "Kuzin, Nikolay"]
[Black "Plychek, Viktor"]
[Result "1-0"]
[WhiteElo "2029"]
[BlackElo "1815"]
[PlyCount "113"]
[EventDate "2009.06.17"]
[EventType "swiss"]
[EventRounds "9"]
[EventCountry "RUS"]
[SourceTitle "CBM 131 Extra"]
[Source "ChessBase"]
[SourceDate "2009.09.03"]
[SourceVersion "2"]
[SourceVersionDate "2009.09.16"]
[SourceQuality "1"]

1. e4 e5 2. Nf3 Nf6 3. Nxe5 d6 4. Nf3 Nxe4 5. Qe2 Qe7 6. d3 Nf6 7. Bg5 Qxe2+ 8. Bxe2 Be7 9. Nc3 c6 10. 0-0-0 0-0 11. Ne4 Nbd7 12. h3 b5 13. Ng3 Re8 14. Nf5 Bf8 15. Rhe1 Bb7 16. Bf4 Ne5 17. d4 Nxf3 18. Bxf3 Rxe1 19. Rxe1 Rd8 20. g4 Re8 21. Re3 Rxe3 22. fxe3 Ne8 23. e4 c5 24. d5 f6 25. Be2 a6 26. c4 b4 27. Bd1 g6 28. Ne3 Bc8 29. Ba4 Ng7 30. a3 a5 31. Kb1 h5 32. Ka2 hxg4 33. hxg4 Kf7 34. Kb3 f5 35. gxf5 gxf5 36. exf5 Nh5 37. Bh2 Kf6 38. Bb5 Ke7 39. Ka4 Bh6 40. Ng4 Bc1 41. f6+ Nxf6 42. Nxf6 Bxb2 43. axb4 axb4 44. Bxd6+ Kxd6 45. Ne4+ Ke5 46. Nxc5 Kd4 47. Nb3+ Kc3 48. c5 Bf5 49. d6 Be6 50. c6 Bxb3+ 51. Ka5 Be6 52. d7 Bxd7 53. cxd7 Ba3 54. d8Q Kc2 55. Qd3+ Kb2 56. Ba4 Ka2 57. Bb3+ 1-0

[Event "Dimitrovgrad-ch"]
[Site "Dimitrovgrad"]
[Date "2009.??.??"]
[Round "6"]
[White "Sahovski, Alexandr"]
[Black "Kuzin, Nikolay"]
[Result "0-1"]
[WhiteElo "1865"]
[BlackElo "2025"]
[PlyCount "96"]
[EventDate "2009.08.??"]
[EventType "swiss"]
[EventRounds "9"]
[EventCountry "RUS"]
[SourceTitle "EXT 2012"]
[Source "ChessBase"]
[SourceDate "2011.11.24"]
[SourceVersion "1"]
[SourceVersionDate "2011.11.24"]
[SourceQuality "1"]

1. e4 e6 2. d4 d5 3. e5 c5 4. c3 Qb6 5. Qb3 Qxb3 6. axb3 cxd4 7. cxd4 Nc6 8. Nf3 Nb4 9. Kd1 Ne7 10. Nc3 Nec6 11. Nb5 Rb8 12. Bd2 a6 13. Na3 Bd7 14. Nc2 Rc8 15. Nxb4 Nxb4 16. Rc1 Rxc1+ 17. Kxc1 Be7 18. Be2 0-0 19. Kb1 Rc8 20. Rc1 Rxc1+ 21. Kxc1 h6 22. g3 Kf8 23. h4 Ke8 24. Ne1 Kd8 25. Nc2 Nxc2 26. Kxc2 Kc7 27. b4 Kb6 28. Bh5 g6 29. Be2 Bf8 30. Bd3 Bb5 31. Bxb5 Kxb5 32. Kb3 h5 33. f3 b6 34. g4 a5 35. bxa5 bxa5 36. Be1 a4+ 37. Kc2 Kc4 38. Bf2 Bb4 39. g5 Ba5 40. f4 Bb6 41. Be3 Bxd4 42. Bxd4 Kxd4 43. b3 axb3+ 44. Kxb3 Ke4 45. Kb4 Kxf4 46. Kc5 Kxe5 47. Kc6 d4 48. Kd7 d3 0-1

[Event "Dimitrovgrad Petrosian Memorial op"]
[Site "Dimitrovgrad"]
[Date "2008.06.07"]
[Round "5"]
[White "Kuzin, Nikolay"]
[Black "Umanski, Anatoli"]
[Result "1-0"]
[WhiteElo "2015"]
[BlackElo "1862"]
[PlyCount "61"]
[EventDate "2008.06.01"]
[EventType "swiss"]
[EventRounds "9"]
[EventCountry "RUS"]
[SourceTitle "CBM 124 Extra"]
[Source "ChessBase"]
[SourceDate "2008.07.03"]
[SourceVersion "1"]
[SourceVersionDate "2008.07.03"]
[SourceQuality "1"]

1. e4 e5 2. Nf3 Nf6 3. Nc3 Bb4 4. Nd5 Nxd5 5. exd5 e4 6. Nd4 0-0 7. Bc4 Qf6 8. Nb3 e3 9. 0-0 exf2+ 10. Rxf2 Qh4 11. d4 Bd6 12. g3 Qe7 13. Bd2 c6 14. Qf3 b5 15. Re1 Qd8 16. Bd3 a5 17. Qe4 g6 18. Bh6 f5 19. Qe2 a4 20. Nc5 Na6 21. Bxf8 Qxf8 22. Nxa6 Bxa6 23. dxc6 dxc6 24. Qe6+ Kg7 25. Qd7+ Kh6 26. Qxc6 Ra7 27. Bxf5 Qb8 28. Re6 Bxg3 29. Rxg6+ Kh5 30. Bg4+ Kh4 31. Qf6# 1-0